Скандиеносные угли Яхлинского месторождения, Западная Сибирь; Доклады Академии наук; Т. 410, № 5

Bibliographische Detailangaben
Parent link:Доклады Академии наук: журнал/ Российская академия наук (РАН).— , 1992-
Т. 410, № 5.— 2006.— С. 677-682
1. Verfasser: Середин В. В.
Weitere Verfasser: Арбузов С. И. Сергей Иванович, Алексеев В. П.
Sprache:Russisch
Veröffentlicht: 2006
Schlagworte:
Format: MixedMaterials Buchkapitel
KOHA link:https://koha.lib.tpu.ru/cgi-bin/koha/opac-detail.pl?biblionumber=479714

MARC

LEADER 00000naa2a2200000 4500
001 479714
005 20231222154052.0
035 |a (RuTPU)RU\TPU\prd\146620 
090 |a 479714 
100 |a 20120713a2006 k y0rusy50 ca 
101 0 |a rus 
102 |a RU 
200 1 |a Скандиеносные угли Яхлинского месторождения, Западная Сибирь  |f В. В. Середин, С. И. Арбузов, В. П. Алексеев 
320 |a Библиогр.: с. 682 (15 назв.) 
461 0 |0 (RuTPU)RU\TPU\prd\1768  |t Доклады Академии наук  |o журнал  |f Российская академия наук (РАН)  |d 1992- 
463 0 |0 (RuTPU)RU\TPU\prd\69079  |t Т. 410, № 5  |v С. 677-682  |d 2006 
610 1 |a труды учёных ТПУ 
700 1 |a Середин  |b В. В. 
701 1 |a Арбузов  |b С. И.  |c российский геолог и геохимик  |c профессор Томского политехнического университета, доктор геолого-минералогических наук  |f 1959-  |g Сергей Иванович  |3 (RuTPU)RU\TPU\pers\24710  |4 070  |9 10962 
701 1 |a Алексеев  |b В. П. 
801 1 |a RU  |b 63413507  |c 20120713 
942 |c BK